| 000 | 01148nam a2200253 a 4500 | ||
|---|---|---|---|
| 001 | 78316 | ||
| 003 | BD-RjUL | ||
| 005 | 20211209083121.0 | ||
| 008 | 210908s2021 bg ||||| |||| 00| 0 ben d | ||
| 020 | _a9789848965733 | ||
| 035 | _a(BD-RjUL)78542 | ||
| 040 |
_aBD-RjUL _beng _cBD-RjUL |
||
| 041 | _aben | ||
| 082 |
_223 _a954.9205092 _bBHU 2021 |
||
| 245 | 1 | 0 |
_aভূট্টো শেখ মুজিব বাংলাদেশ / _cরাও ফরমান আলীর ডায়েরী অবলম্বনে অনুবাদ মোস্তফা হারুন |
| 260 |
_aঢাকা : _bহাওলাদার প্রকাশনী, _c২০২১ |
||
| 300 |
_a১২০ পৃ.: _bচিত্রসমূহ; _c২২ সেমি. |
||
| 600 |
_aমুজিবুর রহমান, শেখ, _d১৯২০-১৯৭৫ _9247538 |
||
| 600 |
_aMujibur Rahman, Sheikh, _d1920-1975 _9247539 |
||
| 650 |
_aরাজনীতি এবং সরকার _9247533 |
||
| 650 |
_aPolitics and government _9247534 |
||
| 700 |
_aহারুন, মোস্তফা (অনুবাদক) _9247540 |
||
| 942 |
_2ddc _cBK |
||
| 999 |
_c78316 _d78316 |
||